000 00494cam a2200181ua 4500
001 6789
005 20260515114114.0
008 140213n ii |||gr||||Z||||||asm
040 _cMAIN
082 _a519.5
245 1 1 _aBanijyik ganit aru parisankhya bigyan
_cBy Surendranath Ghosh
260 _aGuwahati:
_bStudents stores,
_c1992.
300 _aviii,432p.
653 _aCommerce
653 _aBanijyik ganit aru parisankhya bigyan
700 1 _aGhosh,Surendranath,
_eAuthor.,
942 _cBK
999 _c5932
_d5932